Cercanías de Cuenca (Record no. 85199)
[ view plain ]
| 000 -LEADER | |
|---|---|
| campo de control de longitud fija | 00642nam a2200169 i 4500 |
| 001 - NÚMERO DE CONTROL | |
| campo de control | 85199 |
| 003 - IDENTIFICADOR DE NÚMERO DE CONTROL | |
| campo de control | ES-MaACL |
| 005 - FECHA Y HORA DE LA ÚLTIMA TRANSACCIÓN | |
| campo de control | 20230906175211.0 |
| 007 - CAMPO FIJO DE DESCRIPCIÓN FÍSICA--INFORMACIÓN GENERAL | |
| campo de control de longitud fija | t| |
| 008 - DATOS DE LONGITUD FIJA--INFORMACIÓN GENERAL | |
| campo de control de longitud fija | 041126s1932 sp a |||| | spa d |
| 100 1# - ENTRADA PRINCIPAL--NOMBRE DE PERSONA | |
| Nombre de persona | Jiménez de Aguilar, Juan. |
| 9 (RLIN) | 66488 |
| 245 10 - MENCIÓN DEL TÍTULO | |
| Título | Cercanías de Cuenca |
| Resto del título | : Palomera y los Molinos : (descripción, historia y noticias curiosas de la pequeña villa y de sus antiguas fábricas de papel) / |
| Mención de responsabilidad, etc. | por Juan Jiménez de Aguilar. |
| 260 ## - PUBLICACIÓN, DISTRIBUCIÓN, ETC. | |
| Lugar de publicación, distribución, etc. | Cuenca : |
| Nombre del editor, distribuidor, etc. | [s.n., |
| Fecha de publicación, distribución, etc. | 1932] ( |
| Fabricante | Imp. Artística) |
| 300 ## - DESCRIPCIÓN FÍSICA | |
| Extensión | 42 p. : |
| Otras características físicas | il. ; |
| Dimensiones | 20 cm. |
| 651 #4 - PUNTO DE ACCESO ADICIONAL DE MATERIA--NOMBRE GEOGRÁFICO | |
| Nombre geográfico | Cuenca (Provincia)- |
| Subdivisión general | Descripción. |
| 9 (RLIN) | 137110 |
| 852 ## - LOCALIZACIÓN | |
| Ubicación | ES-MaACL |
| Número de control de estantería | 1834-F-12 |
| Estatus retirado | Estado de pérdida | Estado de daño | No para préstamo | Colección | Biblioteca de origen | Biblioteca actual | Ubicación en estantería | Fecha de adquisición | Fuente de adquisición | Total de préstamos | Signatura topográfica completa | Código de barras | Visto por última vez | Precio de reemplazo | Tipo de ítem Koha |
|---|---|---|---|---|---|---|---|---|---|---|---|---|---|---|---|
| Colección de folletos | Biblioteca del Ateneo de Madrid | Biblioteca del Ateneo de Madrid | Depósito folletos | 17/01/2008 | 1834-F-12 | 1089036 | 23/02/2023 | 23/02/2023 | Folleto |
